[Event "World Cup 2023 Open"]
[Site "Baku, Azerbaijan"]
[Date "2023.08.04"]
[Round "13.26"]
[White "Santos Latasa Jaime (ESP)"]
[Black "Meier Georg (URU)"]
[Result "1-0"]
[WhiteFideId "2293307"]
[BlackFideId "4675789"]
[WhiteElo "2656"]
[BlackElo "2629"]

1. e4 {[%clk 00:25:18]} {[%emt 00:00:02]} e6 {[%clk 00:25:19]} {[%emt
00:00:01]} 2. d4 {[%clk 00:25:26]} {[%emt 00:00:02]} d5 {[%clk 00:25:28]} 3.
Nc3 {[%clk 00:25:35]} {[%emt 00:00:02]} dxe4 {[%clk 00:25:37]} {[%emt
00:00:01]} 4. Nxe4 {[%clk 00:25:43]} {[%emt 00:00:01]} Nd7 {[%clk 00:25:46]}
{[%emt 00:00:02]} 5. c3 {[%clk 00:25:52]} {[%emt 00:00:01]} Ngf6 {[%clk
00:25:53]} {[%emt 00:00:03]} 6. Bd3 {[%clk 00:26:00]} {[%emt 00:00:02]} c5
{[%clk 00:25:59]} {[%emt 00:00:04]} 7. Nf3 {[%clk 00:26:07]} {[%emt 00:00:02]}
Nxe4 {[%clk 00:26:08]} {[%emt 00:00:02]} 8. Bxe4 {[%clk 00:26:16]} {[%emt
00:00:01]} Nf6 {[%clk 00:26:16]} {[%emt 00:00:01]} 9. Bc2 {[%clk 00:26:24]}
{[%emt 00:00:02]} cxd4 {[%clk 00:26:25]} {[%emt 00:00:01]} 10. Nxd4 {[%clk
00:26:33]} {[%emt 00:00:02]} Bc5 {[%clk 00:26:33]} {[%emt 00:00:02]} 11. O-O
{[%clk 00:26:40]} {[%emt 00:00:03]} O-O {[%clk 00:26:36]} {[%emt 00:00:07]} 12.
Re1 {[%clk 00:26:18]} {[%emt 00:00:32]} Bxd4 {[%clk 00:25:13]} {[%emt
00:01:34]} 13. cxd4 {[%clk 00:26:25]} {[%emt 00:00:03]} Bd7 {[%clk 00:25:15]}
{[%emt 00:00:07]} 14. a4 {[%clk 00:26:22]} {[%emt 00:00:14]} Nd5 {[%clk
00:24:16]} {[%emt 00:01:08]} 15. Ra3 {[%clk 00:25:50]} {[%emt 00:00:42]} f5
{[%clk 00:24:19]} {[%emt 00:00:06]} 16. Bb3 {[%clk 00:23:51]} {[%emt 00:02:09]}
Re8 {[%clk 00:21:00]} {[%emt 00:03:30]} 17. Bxd5 {[%clk 00:23:26]} {[%emt
00:00:35]} exd5 {[%clk 00:21:08]} {[%emt 00:00:02]} 18. Bf4 {[%clk 00:22:52]}
{[%emt 00:00:44]} Rxe1+ {[%clk 00:20:44]} {[%emt 00:00:35]} 19. Qxe1 {[%clk
00:22:56]} {[%emt 00:00:05]} Qf8 {[%clk 00:20:52]} {[%emt 00:00:02]} 20. Be5
{[%clk 00:21:16]} {[%emt 00:01:50]} Rc8 {[%clk 00:17:14]} {[%emt 00:03:48]} 21.
h4 {[%clk 00:20:28]} {[%emt 00:00:58]} g6 {[%clk 00:17:01]} {[%emt 00:00:22]}
22. Qd2 {[%clk 00:16:39]} {[%emt 00:03:59]} h6 {[%clk 00:14:01]} {[%emt
00:03:10]} 23. Bf4 {[%clk 00:10:41]} {[%emt 00:06:08]} Kh7 {[%clk 00:12:58]}
{[%emt 00:01:14]} 24. Re3 {[%clk 00:10:48]} {[%emt 00:00:03]} Re8 {[%clk
00:12:10]} {[%emt 00:00:58]} 25. Rc3 {[%clk 00:09:23]} {[%emt 00:01:35]} Rc8
{[%clk 00:11:25]} {[%emt 00:00:55]} 26. Rxc8 {[%clk 00:09:13]} {[%emt
00:00:19]} Qxc8 {[%clk 00:11:15]} {[%emt 00:00:20]} 27. Qb4 {[%clk 00:08:32]}
{[%emt 00:00:51]} Qe8 {[%clk 00:10:34]} {[%emt 00:00:51]} 28. Qxb7 {[%clk
00:08:18]} {[%emt 00:00:24]} g5 {[%clk 00:10:42]} {[%emt 00:00:02]} 29. hxg5
{[%clk 00:07:31]} {[%emt 00:00:58]} hxg5 {[%clk 00:10:50]} {[%emt 00:00:02]} 30.
Bxg5 {[%clk 00:07:22]} {[%emt 00:00:18]} Kg6 {[%clk 00:10:44]} {[%emt
00:00:16]} 31. Be3 {[%clk 00:06:33]} {[%emt 00:00:59]} Bxa4 {[%clk 00:10:24]}
{[%emt 00:00:30]} 32. Qxa7 {[%clk 00:06:28]} {[%emt 00:00:15]} f4 {[%clk
00:09:47]} {[%emt 00:00:47]} 33. Bxf4 {[%clk 00:06:02]} {[%emt 00:00:37]} Qe1+
{[%clk 00:09:55]} {[%emt 00:00:01]} 34. Kh2 {[%clk 00:06:10]} {[%emt 00:00:02]}
Qxf2 {[%clk 00:10:02]} {[%emt 00:00:02]} 35. Bg3 {[%clk 00:05:48]} {[%emt
00:00:33]} Qc2 {[%clk 00:10:05]} {[%emt 00:00:07]} 36. Be5 {[%clk 00:05:46]}
{[%emt 00:00:12]} Qc6 {[%clk 00:08:44]} {[%emt 00:01:31]} 37. Qg7+ {[%clk
00:05:20]} {[%emt 00:00:36]} Kf5 {[%clk 00:08:51]} {[%emt 00:00:03]} 38. Qf7+
{[%clk 00:04:23]} {[%emt 00:01:07]} Kg5 {[%clk 00:08:43]} {[%emt 00:00:19]} 39.
Kg3 {[%clk 00:03:31]} {[%emt 00:01:02]} Qg6 {[%clk 00:08:26]} {[%emt 00:00:26]}
40. Qxg6+ {[%clk 00:02:55]} {[%emt 00:00:46]} Kxg6 {[%clk 00:08:35]} {[%emt
00:00:01]} 41. Kf4 {[%clk 00:03:04]} {[%emt 00:00:01]} Bb3 {[%clk 00:08:41]}
{[%emt 00:00:03]} 42. g4 {[%clk 00:03:11]} {[%emt 00:00:03]} Kf7 {[%clk
00:08:42]} {[%emt 00:00:10]} 43. Kg5 {[%clk 00:02:39]} {[%emt 00:00:41]} Bc4
{[%clk 00:08:37]} {[%emt 00:00:16]} 44. Kh6 {[%clk 00:02:33]} {[%emt 00:00:16]}
Bd3 {[%clk 00:08:35]} {[%emt 00:00:11]} 45. g5 {[%clk 00:02:33]} {[%emt
00:00:11]} Bg6 {[%clk 00:08:43]} {[%emt 00:00:02]} 46. b4 {[%clk 00:02:39]}
{[%emt 00:00:04]} Bd3 {[%clk 00:08:50]} {[%emt 00:00:03]} 47. Bf4 {[%clk
00:02:45]} {[%emt 00:00:03]} Bb5 {[%clk 00:08:36]} {[%emt 00:00:25]} 48. g6+
{[%clk 00:02:51]} {[%emt 00:00:04]} Kg8 {[%clk 00:08:44]} {[%emt 00:00:01]} 49.
Bd6 {[%clk 00:02:52]} {[%emt 00:00:09]} Be8 {[%clk 00:08:49]} {[%emt 00:00:06]}
50. Kg5 {[%clk 00:02:57]} {[%emt 00:00:04]} 1-0

[Event "World Cup 2023 Open"]
[Site "Baku, Azerbaijan"]
[Date "2023.08.04"]
[Round "13.27"]
[White "Abasov Nijat (AZE)"]
[Black "Fressinet Laurent (FRA)"]
[Result "1-0"]
[WhiteFideId "13402960"]
[BlackFideId "608742"]
[WhiteElo "2632"]
[BlackElo "2652"]

1. d4 {[%clk 00:25:19]} d5 {[%clk 00:25:17]} {[%emt 00:00:03]} 2. c4 {[%clk
00:25:27]} e6 {[%clk 00:25:25]} {[%emt 00:00:03]} 3. Nc3 {[%clk 00:25:36]}
{[%emt 00:00:01]} Nf6 {[%clk 00:25:31]} {[%emt 00:00:04]} 4. cxd5 {[%clk
00:25:44]} {[%emt 00:00:02]} exd5 {[%clk 00:25:38]} {[%emt 00:00:03]} 5. Bg5
{[%clk 00:25:52]} {[%emt 00:00:02]} c6 {[%clk 00:25:43]} {[%emt 00:00:05]} 6.
Qc2 {[%clk 00:25:56]} {[%emt 00:00:06]} Be7 {[%clk 00:25:42]} {[%emt 00:00:11]}
7. e3 {[%clk 00:26:04]} {[%emt 00:00:02]} h6 {[%clk 00:25:45]} {[%emt
00:00:07]} 8. Bh4 {[%clk 00:26:06]} {[%emt 00:00:07]} O-O {[%clk 00:25:40]}
{[%emt 00:00:16]} 9. Bd3 {[%clk 00:26:14]} {[%emt 00:00:03]} Re8 {[%clk
00:25:33]} {[%emt 00:00:17]} 10. Nge2 {[%clk 00:26:20]} {[%emt 00:00:02]} a5
{[%clk 00:25:32]} {[%emt 00:00:13]} 11. O-O {[%clk 00:26:15]} {[%emt 00:00:14]}
Na6 {[%clk 00:25:30]} {[%emt 00:00:13]} 12. a3 {[%clk 00:26:20]} {[%emt
00:00:05]} Nc7 {[%clk 00:25:34]} {[%emt 00:00:06]} 13. Rad1 {[%clk 00:25:41]}
{[%emt 00:00:49]} Ne6 {[%clk 00:25:03]} {[%emt 00:00:40]} 14. Rfe1 {[%clk
00:23:27]} {[%emt 00:02:24]} Nh5 {[%clk 00:23:45]} {[%emt 00:01:28]} 15. Bxe7
{[%clk 00:23:10]} {[%emt 00:00:28]} Qxe7 {[%clk 00:23:51]} {[%emt 00:00:03]} 16.
Ng3 {[%clk 00:22:27]} {[%emt 00:00:53]} Nxg3 {[%clk 00:22:50]} {[%emt
00:01:11]} 17. hxg3 {[%clk 00:22:35]} {[%emt 00:00:02]} h5 {[%clk 00:20:30]}
{[%emt 00:02:30]} 18. e4 {[%clk 00:19:29]} {[%emt 00:03:16]} Nxd4 {[%clk
00:17:09]} {[%emt 00:03:31]} 19. Qa4 {[%clk 00:19:34]} {[%emt 00:00:05]} Qc5
{[%clk 00:13:17]} {[%emt 00:04:02]} 20. Bf1 {[%clk 00:17:47]} {[%emt 00:01:57]}
Nc2 {[%clk 00:11:12]} {[%emt 00:02:16]} 21. Re2 {[%clk 00:10:15]} {[%emt
00:07:43]} d4 {[%clk 00:09:50]} {[%emt 00:01:32]} 22. Rxc2 {[%clk 00:10:23]}
{[%emt 00:00:02]} dxc3 {[%clk 00:09:56]} {[%emt 00:00:04]} 23. Rxc3 {[%clk
00:10:31]} {[%emt 00:00:02]} Qe7 {[%clk 00:09:16]} {[%emt 00:00:50]} 24. Rd4
{[%clk 00:10:02]} {[%emt 00:00:39]} Be6 {[%clk 00:09:06]} {[%emt 00:00:20]} 25.
Qd1 {[%clk 00:10:05]} {[%emt 00:00:07]} g6 {[%clk 00:08:22]} {[%emt 00:00:54]}
26. Qd2 {[%clk 00:10:12]} {[%emt 00:00:02]} Red8 {[%clk 00:07:44]} {[%emt
00:00:48]} 27. Rcd3 {[%clk 00:10:17]} {[%emt 00:00:05]} Rxd4 {[%clk 00:07:51]}
{[%emt 00:00:03]} 28. Rxd4 {[%clk 00:10:25]} {[%emt 00:00:01]} b5 {[%clk
00:05:32]} {[%emt 00:02:29]} 29. f4 {[%clk 00:08:23]} {[%emt 00:02:12]} Bg4
{[%clk 00:03:35]} {[%emt 00:02:07]} 30. e5 {[%clk 00:07:58]} {[%emt 00:00:35]}
Be6 {[%clk 00:02:12]} {[%emt 00:01:34]} 31. Rd6 {[%clk 00:08:05]} {[%emt
00:00:03]} Qa7+ {[%clk 00:01:58]} {[%emt 00:00:23]} 32. Kh2 {[%clk 00:08:13]}
{[%emt 00:00:02]} Qc5 {[%clk 00:02:06]} {[%emt 00:00:03]} 33. Bd3 {[%clk
00:07:58]} {[%emt 00:00:25]} Kg7 {[%clk 00:00:38]} {[%emt 00:01:38]} 34. Be4
{[%clk 00:06:59]} {[%emt 00:01:09]} Rh8 {[%clk 00:00:14]} {[%emt 00:00:34]} 35.
Rxe6 {[%clk 00:06:07]} {[%emt 00:01:02]} h4 {[%clk 00:00:14]} {[%emt 00:00:11]}
36. g4 {[%clk 00:03:46]} {[%emt 00:02:30]} fxe6 {[%clk 00:00:23]} {[%emt
00:00:02]} 37. Qd7+ {[%clk 00:03:55]} Kf8 {[%clk 00:00:30]} {[%emt 00:00:03]}
38. Qd8+ {[%clk 00:04:02]} {[%emt 00:00:03]} Kg7 {[%clk 00:00:37]} {[%emt
00:00:02]} 39. Qf6+ {[%clk 00:04:10]} {[%emt 00:00:04]} Kg8 {[%clk 00:00:46]}
40. Qxg6+ {[%clk 00:04:14]} {[%emt 00:00:07]} Kf8 {[%clk 00:00:55]} {[%emt
00:00:01]} 41. Qf6+ {[%clk 00:04:22]} {[%emt 00:00:01]} Kg8 {[%clk 00:01:04]}
42. Qxe6+ {[%clk 00:04:27]} {[%emt 00:00:06]} Kf8 {[%clk 00:01:09]} {[%emt
00:00:05]} 43. Qf6+ {[%clk 00:04:35]} {[%emt 00:00:03]} Kg8 {[%clk 00:01:16]}
{[%emt 00:00:02]} 44. Bf5 {[%clk 00:03:15]} {[%emt 00:01:30]} Qf8 {[%clk
00:00:46]} {[%emt 00:00:40]} 45. Be6+ {[%clk 00:03:13]} {[%emt 00:00:13]} Kh7
{[%clk 00:00:54]} {[%emt 00:00:01]} 46. Bf7 {[%clk 00:03:22]} {[%emt 00:00:01]}
Qh6 {[%clk 00:00:32]} {[%emt 00:00:33]} 47. Qf5+ {[%clk 00:03:31]} {[%emt
00:00:02]} Kg7 {[%clk 00:00:41]} 48. g5 {[%clk 00:03:40]} 1-0

[Event "World Cup 2023 Open"]
[Site "Baku, Azerbaijan"]
[Date "2023.08.04"]
[Round "13.28"]
[White "Mamedov Rauf (AZE)"]
[Black "Predke Alexandr (SRB)"]
[Result "1/2-1/2"]
[WhiteFideId "13401653"]
[BlackFideId "24107581"]
[WhiteElo "2636"]
[BlackElo "2651"]

1. e4 {[%clk 00:25:16]} {[%emt 00:00:02]} c5 {[%clk 00:25:14]} {[%emt
00:00:06]} 2. Nf3 {[%clk 00:25:25]} {[%emt 00:00:01]} e6 {[%clk 00:25:22]}
{[%emt 00:00:02]} 3. c3 {[%clk 00:25:34]} {[%emt 00:00:02]} Nf6 {[%clk
00:25:30]} {[%emt 00:00:02]} 4. e5 {[%clk 00:25:43]} {[%emt 00:00:02]} Nd5
{[%clk 00:25:37]} {[%emt 00:00:01]} 5. d4 {[%clk 00:25:52]} cxd4 {[%clk
00:25:42]} {[%emt 00:00:06]} 6. cxd4 {[%clk 00:26:01]} d6 {[%clk 00:25:49]}
{[%emt 00:00:02]} 7. Bc4 {[%clk 00:26:09]} {[%emt 00:00:02]} dxe5 {[%clk
00:25:57]} {[%emt 00:00:03]} 8. dxe5 {[%clk 00:25:25]} {[%emt 00:00:54]} Bb4+
{[%clk 00:26:05]} {[%emt 00:00:02]} 9. Bd2 {[%clk 00:23:40]} {[%emt 00:01:55]}
O-O {[%clk 00:26:06]} {[%emt 00:00:08]} 10. O-O {[%clk 00:23:42]} {[%emt
00:00:09]} Bxd2 {[%clk 00:26:14]} {[%emt 00:00:02]} 11. Qxd2 {[%clk 00:23:34]}
{[%emt 00:00:18]} Nc6 {[%clk 00:26:20]} {[%emt 00:00:04]} 12. Rd1 {[%clk
00:22:44]} {[%emt 00:01:00]} Qc7 {[%clk 00:26:04]} {[%emt 00:00:25]} 13. Bxd5
{[%clk 00:19:01]} {[%emt 00:03:54]} exd5 {[%clk 00:26:01]} {[%emt 00:00:13]} 14.
Nc3 {[%clk 00:19:10]} {[%emt 00:00:01]} Nxe5 {[%clk 00:24:43]} {[%emt
00:01:28]} 15. Nxe5 {[%clk 00:19:18]} {[%emt 00:00:02]} Qxe5 {[%clk 00:24:51]}
{[%emt 00:00:02]} 16. Qxd5 {[%clk 00:19:27]} {[%emt 00:00:01]} Qe7 {[%clk
00:20:59]} {[%emt 00:04:02]} 17. Rd2 {[%clk 00:18:05]} {[%emt 00:01:32]} Be6
{[%clk 00:19:56]} {[%emt 00:01:13]} 18. Qe5 {[%clk 00:18:13]} {[%emt 00:00:01]}
Rfd8 {[%clk 00:19:11]} {[%emt 00:00:55]} 19. Rad1 {[%clk 00:18:11]} {[%emt
00:00:13]} Rxd2 {[%clk 00:18:14]} {[%emt 00:01:08]} 20. Rxd2 {[%clk 00:18:20]}
{[%emt 00:00:01]} Rd8 {[%clk 00:18:23]} {[%emt 00:00:01]} 21. Rxd8+ {[%clk
00:16:44]} {[%emt 00:01:47]} Qxd8 {[%clk 00:18:31]} {[%emt 00:00:02]} 22. h3
{[%clk 00:16:33]} {[%emt 00:00:20]} h6 {[%clk 00:18:18]} {[%emt 00:00:23]} 23.
a3 {[%clk 00:15:28]} {[%emt 00:01:16]} Qd2 {[%clk 00:15:55]} {[%emt 00:02:32]}
24. Nb5 {[%clk 00:12:10]} {[%emt 00:03:27]} a6 {[%clk 00:14:03]} {[%emt
00:02:01]} 25. Nc7 {[%clk 00:12:13]} {[%emt 00:00:08]} Qd7 {[%clk 00:12:09]}
{[%emt 00:02:05]} 26. Kh2 {[%clk 00:09:41]} {[%emt 00:02:41]} Bc4 {[%clk
00:11:23]} {[%emt 00:00:56]} 27. Qc5 {[%clk 00:09:29]} {[%emt 00:00:22]} Bb3
{[%clk 00:10:27]} {[%emt 00:01:06]} 28. Qb6 {[%clk 00:06:52]} {[%emt 00:02:47]}
Bd5 {[%clk 00:09:58]} {[%emt 00:00:38]} 29. Nxd5 {[%emt 00:00:02]} 1/2-1/2

[Event "World Cup 2023 Open"]
[Site "Baku, Azerbaijan"]
[Date "2023.08.04"]
[Round "13.29"]
[White "Liang Awonder (USA)"]
[Black "Yilmaz Mustafa (TUR)"]
[Result "0-1"]
[WhiteFideId "2056437"]
[BlackFideId "6302718"]
[WhiteElo "2649"]
[BlackElo "2639"]

1. e4 {[%clk 00:25:20]} c5 {[%clk 00:25:17]} {[%emt 00:00:03]} 2. Nf3 {[%clk
00:25:28]} {[%emt 00:00:02]} d6 {[%clk 00:25:26]} {[%emt 00:00:01]} 3. d4
{[%clk 00:25:38]} {[%emt 00:00:01]} cxd4 {[%clk 00:25:34]} {[%emt 00:00:02]} 4.
Nxd4 {[%clk 00:25:46]} {[%emt 00:00:01]} Nf6 {[%clk 00:25:43]} {[%emt
00:00:01]} 5. Nc3 {[%clk 00:25:55]} {[%emt 00:00:02]} a6 {[%clk 00:25:51]}
{[%emt 00:00:01]} 6. Bc4 {[%clk 00:26:04]} {[%emt 00:00:01]} e6 {[%clk
00:25:56]} {[%emt 00:00:05]} 7. Be3 {[%clk 00:26:11]} {[%emt 00:00:03]} Be7
{[%clk 00:24:40]} {[%emt 00:01:26]} 8. Bb3 {[%clk 00:26:17]} {[%emt 00:00:04]}
b5 {[%clk 00:24:35]} {[%emt 00:00:15]} 9. a3 {[%clk 00:26:24]} {[%emt
00:00:03]} O-O {[%clk 00:23:27]} {[%emt 00:01:17]} 10. Qe2 {[%clk 00:26:09]}
{[%emt 00:00:26]} Bb7 {[%clk 00:21:56]} {[%emt 00:01:40]} 11. f3 {[%clk
00:26:17]} {[%emt 00:00:02]} Nbd7 {[%clk 00:21:46]} {[%emt 00:00:20]} 12. O-O-O
{[%clk 00:26:12]} {[%emt 00:00:15]} Rc8 {[%clk 00:21:38]} {[%emt 00:00:18]} 13.
Qe1 {[%clk 00:25:12]} {[%emt 00:01:09]} Ne5 {[%clk 00:21:12]} {[%emt 00:00:36]}
14. g4 {[%clk 00:24:34]} {[%emt 00:00:49]} Nc4 {[%clk 00:20:38]} {[%emt
00:00:44]} 15. h4 {[%clk 00:24:06]} {[%emt 00:00:38]} Nd7 {[%clk 00:19:41]}
{[%emt 00:01:08]} 16. g5 {[%clk 00:22:01]} {[%emt 00:02:14]} Nxe3 {[%clk
00:17:15]} {[%emt 00:02:35]} 17. Qxe3 {[%clk 00:22:10]} {[%emt 00:00:02]} Ne5
{[%clk 00:17:17]} {[%emt 00:00:08]} 18. f4 {[%clk 00:13:41]} {[%emt 00:08:39]}
Nc4 {[%clk 00:17:25]} {[%emt 00:00:02]} 19. Bxc4 {[%clk 00:13:49]} {[%emt
00:00:03]} Rxc4 {[%clk 00:17:34]} {[%emt 00:00:01]} 20. f5 {[%clk 00:13:58]}
{[%emt 00:00:01]} exf5 {[%clk 00:06:19]} {[%emt 00:11:25]} 21. Nxf5 {[%clk
00:14:06]} {[%emt 00:00:02]} Re8 {[%clk 00:06:28]} {[%emt 00:00:01]} 22. Rhe1
{[%clk 00:12:27]} {[%emt 00:01:48]} Bf8 {[%clk 00:06:13]} {[%emt 00:00:24]} 23.
Qd3 {[%clk 00:12:25]} {[%emt 00:00:12]} Re6 {[%clk 00:04:10]} {[%emt 00:02:13]}
24. e5 {[%clk 00:08:17]} {[%emt 00:04:19]} Qe8 {[%clk 00:04:02]} {[%emt
00:00:18]} 25. h5 {[%clk 00:06:42]} {[%emt 00:01:44]} dxe5 {[%clk 00:03:00]}
{[%emt 00:01:12]} 26. Kb1 {[%clk 00:06:10]} {[%emt 00:00:43]} Rf4 {[%clk
00:02:51]} {[%emt 00:00:18]} 27. Qh3 {[%clk 00:05:27]} {[%emt 00:00:53]} Bf3
{[%clk 00:02:46]} {[%emt 00:00:15]} 28. Ne3 {[%clk 00:04:34]} {[%emt 00:01:04]}
Bxd1 {[%emt 00:00:08]} 29. Rxd1 Rd6 {[%clk 00:01:58]} {[%emt 00:00:48]} 30.
Ncd5 {[%clk 00:03:45]} {[%emt 00:00:59]} Rd4 {[%clk 00:01:48]} {[%emt
00:00:21]} 31. Qg2 {[%clk 00:03:44]} {[%emt 00:00:11]} Qd8 {[%clk 00:01:42]}
{[%emt 00:00:16]} 32. Rg1 {[%clk 00:02:46]} {[%emt 00:01:07]} R4xd5 {[%clk
00:01:40]} {[%emt 00:00:12]} 33. g6 {[%clk 00:02:56]} {[%emt 00:00:01]} Rd1+
{[%clk 00:01:34]} {[%emt 00:00:15]} 34. Rxd1 {[%clk 00:03:05]} {[%emt
00:00:01]} Rxd1+ {[%clk 00:01:43]} {[%emt 00:00:01]} 35. Nxd1 {[%clk 00:03:14]}
Qxd1+ {[%clk 00:01:52]} {[%emt 00:00:02]} 36. Ka2 {[%clk 00:03:24]} hxg6 {[%clk
00:01:58]} {[%emt 00:00:03]} 37. hxg6 {[%clk 00:03:33]} Qd7 {[%clk 00:01:52]}
{[%emt 00:00:16]} 0-1

[Event "World Cup 2023 Open"]
[Site "Baku, Azerbaijan"]
[Date "2023.08.04"]
[Round "13.30"]
[White "Yakubboev Nodirbek (UZB)"]
[Black "Gledura Benjamin (HUN)"]
[Result "1/2-1/2"]
[WhiteFideId "14203987"]
[BlackFideId "712779"]
[WhiteElo "2640"]
[BlackElo "2645"]

1. e4 {[%clk 00:25:14]} {[%emt 00:00:05]} e5 {[%clk 00:25:17]} {[%emt
00:00:03]} 2. Nf3 {[%clk 00:25:21]} {[%emt 00:00:02]} Nc6 {[%clk 00:25:25]}
{[%emt 00:00:03]} 3. Bb5 {[%clk 00:25:28]} {[%emt 00:00:03]} a6 {[%clk
00:25:32]} {[%emt 00:00:03]} 4. Ba4 {[%clk 00:25:36]} {[%emt 00:00:02]} Nf6
{[%clk 00:25:40]} {[%emt 00:00:02]} 5. O-O {[%clk 00:25:43]} {[%emt 00:00:03]}
Be7 {[%clk 00:25:47]} {[%emt 00:00:03]} 6. Re1 {[%clk 00:25:49]} {[%emt
00:00:04]} b5 {[%clk 00:25:53]} {[%emt 00:00:04]} 7. Bb3 {[%clk 00:25:57]}
{[%emt 00:00:02]} O-O {[%clk 00:25:59]} {[%emt 00:00:03]} 8. a4 {[%clk
00:26:05]} {[%emt 00:00:04]} b4 {[%clk 00:26:05]} {[%emt 00:00:03]} 9. d4
{[%clk 00:26:08]} {[%emt 00:00:06]} d6 {[%clk 00:26:08]} {[%emt 00:00:07]} 10.
c3 {[%clk 00:26:15]} {[%emt 00:00:04]} bxc3 {[%clk 00:25:01]} {[%emt 00:01:17]}
11. bxc3 {[%clk 00:26:23]} {[%emt 00:00:02]} Bg4 {[%clk 00:23:28]} {[%emt
00:01:43]} 12. dxe5 {[%clk 00:26:30]} {[%emt 00:00:04]} Nxe5 {[%clk 00:22:50]}
{[%emt 00:00:47]} 13. Nbd2 {[%clk 00:26:37]} {[%emt 00:00:02]} Rb8 {[%clk
00:22:18]} {[%emt 00:00:42]} 14. Bc2 {[%clk 00:26:39]} {[%emt 00:00:08]} Nfd7
{[%clk 00:19:22]} {[%emt 00:03:07]} 15. h3 {[%clk 00:26:43]} {[%emt 00:00:06]}
Nxf3+ {[%clk 00:19:24]} {[%emt 00:00:08]} 16. Nxf3 {[%clk 00:26:51]} {[%emt
00:00:02]} Bxf3 {[%clk 00:19:12]} {[%emt 00:00:21]} 17. Qxf3 {[%clk 00:26:57]}
{[%emt 00:00:04]} a5 {[%clk 00:18:31]} {[%emt 00:00:52]} 18. Qh5 {[%clk
00:20:21]} {[%emt 00:06:46]} c6 {[%clk 00:17:59]} {[%emt 00:00:42]} 19. Ba3
{[%clk 00:17:44]} {[%emt 00:02:46]} g6 {[%clk 00:17:10]} {[%emt 00:00:59]} 20.
Qe2 {[%clk 00:17:36]} {[%emt 00:00:18]} Re8 {[%clk 00:15:19]} {[%emt 00:02:02]}
21. Rad1 {[%clk 00:16:29]} {[%emt 00:01:17]} d5 {[%clk 00:14:56]} {[%emt
00:00:33]} 22. Bc1 {[%clk 00:16:30]} {[%emt 00:00:09]} Bf6 {[%clk 00:14:42]}
{[%emt 00:00:24]} 23. Qf3 {[%clk 00:16:04]} {[%emt 00:00:34]} Ne5 {[%clk
00:12:33]} {[%emt 00:02:20]} 24. Qg3 {[%clk 00:14:55]} {[%emt 00:01:19]} Nc4
{[%clk 00:12:37]} {[%emt 00:00:06]} 25. exd5 {[%clk 00:13:49]} {[%emt
00:01:16]} Rxe1+ {[%clk 00:12:45]} {[%emt 00:00:02]} 26. Rxe1 {[%clk 00:13:58]}
{[%emt 00:00:01]} cxd5 {[%clk 00:12:54]} {[%emt 00:00:02]} 27. Bh6 {[%clk
00:12:27]} {[%emt 00:01:40]} Rc8 {[%clk 00:11:44]} {[%emt 00:01:21]} 28. Bd1
{[%clk 00:10:52]} {[%emt 00:01:45]} Bg7 {[%clk 00:10:44]} {[%emt 00:01:10]} 29.
Bg5 {[%clk 00:10:26]} {[%emt 00:00:35]} Qd6 {[%clk 00:10:47]} {[%emt 00:00:07]}
30. Qg4 {[%clk 00:04:29]} {[%emt 00:06:07]} Qc6 {[%clk 00:10:48]} {[%emt
00:00:10]} 31. Re7 {[%clk 00:02:41]} {[%emt 00:01:57]} Nd6 {[%clk 00:09:02]}
{[%emt 00:01:56]} 32. Qd7 {[%clk 00:01:03]} {[%emt 00:01:47]} Qxd7 {[%clk
00:03:18]} {[%emt 00:05:55]} 33. Rxd7 {[%clk 00:01:11]} {[%emt 00:00:02]} Ne4
{[%clk 00:03:24]} {[%emt 00:00:03]} 34. Bd8 {[%clk 00:01:03]} {[%emt 00:00:18]}
Nf6 {[%clk 00:02:19]} {[%emt 00:01:16]} 35. Bxf6 {[%clk 00:00:29]} {[%emt
00:00:43]} Bxf6 {[%clk 00:02:27]} {[%emt 00:00:02]} 36. Bb3 {[%clk 00:00:31]}
{[%emt 00:00:08]} Rxc3 {[%clk 00:02:29]} {[%emt 00:00:09]} 37. Bxd5 {[%clk
00:00:39]} {[%emt 00:00:02]} Rc1+ {[%clk 00:02:35]} {[%emt 00:00:04]} 38. Kh2
{[%clk 00:00:47]} Be5+ {[%clk 00:02:43]} {[%emt 00:00:04]} 39. g3 {[%clk
00:00:46]} Rc7 {[%clk 00:02:45]} {[%emt 00:00:20]} 40. Bxf7+ {[%clk 00:00:18]}
{[%emt 00:00:14]} Kf8 {[%clk 00:02:53]} 41. Rxc7 {[%clk 00:00:18]} Bxc7 {[%clk
00:02:53]} 42. Bc4 {[%clk 00:00:18]} g5 {[%clk 00:02:53]} 43. Kg2 {[%clk
00:00:18]} Bb6 {[%clk 00:02:53]} 1/2-1/2